Agricultural production levels in Bangladesh (1947-1972) / (Record no. 67050)
[ view plain ]
| 000 -LEADER | |
|---|---|
| fixed length control field | 00670nam a2200217 a 4500 |
| 001 - CONTROL NUMBER | |
| control field | 67050 |
| 003 - CONTROL NUMBER IDENTIFIER | |
| rucl marc code | BD-RjUL |
| 005 - DATE AND TIME OF LATEST TRANSACTION | |
| control field | 20211209081618.0 |
| 008 - FIXED-LENGTH DATA ELEMENTS--GENERAL INFORMATION | |
| fixed length control field | 170322s1976 bg ||||| |||| 00| 0 eng d |
| 035 ## - SYSTEM CONTROL NUMBER | |
| System control number | (BD-RjUL)67181 |
| 040 ## - CATALOGING SOURCE | |
| Original cataloging agency | BD-RjUL |
| Language of cataloging | eng |
| Transcribing agency | BD-RjUL |
| 041 ## - LANGUAGE CODE | |
| Language code of text/sound track or separate title | eng |
| 082 ## - DEWEY DECIMAL CLASSIFICATION NUMBER | |
| Edition number | 23 |
| Classification number | 338.1095492 |
| Author mark and year | BAA 1976 |
| 110 ## - MAIN ENTRY--CORPORATE NAME | |
| Corporate name or jurisdiction name as entry element | Bangladesh Bureau of Statistics |
| 9 (RLIN) | 219115 |
| 245 10 - TITLE STATEMENT | |
| Title | Agricultural production levels in Bangladesh (1947-1972) / |
| Statement of responsibility, etc. | Bangladesh Bureau of Statistics |
| 260 ## - PUBLICATION, DISTRIBUTION, ETC. (IMPRINT) | |
| Place of publication, distribution, etc. | Dhaka : |
| Name of publisher, distributor, etc. | BBS , |
| Date of publication, distribution, etc. | [1976] |
| 300 ## - PHYSICAL DESCRIPTION | |
| Pagination | xxv, 304 p. ; |
| Size | 25 cm. |
| 650 ## - SUBJECT ADDED ENTRY--TOPICAL TERM | |
| Topical term or geographic name as entry element | Field crops |
| Geographic subdivision | Bangladesh |
| 9 (RLIN) | 198599 |
| Topical term or geographic name as entry element | Agriculture |
| Geographic subdivision | Bangladesh |
| 9 (RLIN) | 219114 |
| 942 ## - ADDED ENTRY ELEMENTS (KOHA) | |
| Source of classification or shelving scheme | Dewey Decimal Classification |
| Koha item type | Books |
| Lost status | Source of classification or shelving scheme | Damaged status | Not for loan | Collection code | Permanent Location | Current Location | Shelving location | Date acquired | Source of acquisition | Total Checkouts | Full call number | Date last seen | Copy number | Koha item type |
|---|---|---|---|---|---|---|---|---|---|---|---|---|---|---|
| Dewey Decimal Classification | Not For Loan | Rare Books | Central Library, University of Rajshahi | Central Library, University of Rajshahi | Rare Book Section | 28/02/1977 | Dhaka, BBS | RA 338.1095492 BAA 1976 | 22/03/2017 | C-1 | Rare Books |